Policeman and the rose. (Record no. 113280)

MARC details
000 -LEADER
fixed length control field 00346nam a2200133Ia 4500
008 - FIXED-LENGTH DATA ELEMENTS--GENERAL INFORMATION
fixed length control field 210210b1978 xxu||||| |||| 00| 0 eng d
082 ## - DEWEY DECIMAL CLASSIFICATION NUMBER
Classification number 820.33 RAOP
100 ## - MAIN ENTRY--PERSONAL NAME
Personal name RAO (Raja).
245 ## - TITLE STATEMENT
Title Policeman and the rose.
260 ## - PUBLICATION, DISTRIBUTION, ETC.
Place of publication, distribution, etc. Bombay
Name of publisher, distributor, etc. Oxford University Press
Date of publication, distribution, etc. 1978
300 ## - PHYSICAL DESCRIPTION
Extent xvi,140
690 ## - LOCAL SUBJECT ADDED ENTRY--TOPICAL TERM (OCLC, RLIN)
Topical term or geographic name as entry element Indian English Fiction
906 ## - LOCAL DATA ELEMENT F, LDF (RLIN)
a SG01743
Holdings
Withdrawn status Lost status Source of classification or shelving scheme Damaged status Not for loan Collection code Home library Current library Shelving location Date acquired Cost, normal purchase price Total Checkouts Full call number Barcode Date last seen Price effective from Koha item type
    Dewey Decimal Classification     English St Aloysius Library St Aloysius Library Secondary stack section 02/17/2021 0.00   820.33 RAOP SG01743 02/17/2021 02/17/2021 Special Grants